<?xml version="1.0" encoding="UTF-8"?>
<record
    xmlns:xsi="http://www.w3.org/2001/XMLSchema-instance"
    xsi:schemaLocation="http://www.loc.gov/MARC21/slim http://www.loc.gov/standards/marcxml/schema/MARC21slim.xsd"
    xmlns="http://www.loc.gov/MARC21/slim">

  <leader>00902nam a2200253 a 4500</leader>
  <controlfield tag="001">77212</controlfield>
  <controlfield tag="003">BD-RjUL</controlfield>
  <controlfield tag="005">20211209082938.0</controlfield>
  <controlfield tag="008">851003m19679999ii || ||||||| 0    |eng| </controlfield>
  <datafield tag="035" ind1=" " ind2=" ">
    <subfield code="a">(BD-RjUL)77437</subfield>
  </datafield>
  <datafield tag="040" ind1=" " ind2=" ">
    <subfield code="a">DLC</subfield>
    <subfield code="c">CarP</subfield>
    <subfield code="d">DLC</subfield>
    <subfield code="d">BD-RjUL</subfield>
    <subfield code="b">eng</subfield>
  </datafield>
  <datafield tag="041" ind1=" " ind2=" ">
    <subfield code="a">eng</subfield>
  </datafield>
  <datafield tag="082" ind1=" " ind2=" ">
    <subfield code="2">23</subfield>
    <subfield code="b">WEW V-1-2 1967 </subfield>
    <subfield code="a">365.095414</subfield>
  </datafield>
  <datafield tag="110" ind1="2" ind2=" ">
    <subfield code="a">West Bengal (India). </subfield>
    <subfield code="b">Jails Department </subfield>
    <subfield code="9">240275</subfield>
  </datafield>
  <datafield tag="245" ind1="1" ind2="4">
    <subfield code="a">The West Bengal jail code;</subfield>
    <subfield code="b">rules for the superintendence and management of jails and subsidiary jails in West Bengal.</subfield>
  </datafield>
  <datafield tag="250" ind1=" " ind2=" ">
    <subfield code="a">8th ed.</subfield>
  </datafield>
  <datafield tag="260" ind1=" " ind2=" ">
    <subfield code="a">Alipore,</subfield>
    <subfield code="b">Superintendent, Govt. Print., West Bengal Govt. Press,</subfield>
    <subfield code="c">1967-</subfield>
  </datafield>
  <datafield tag="300" ind1=" " ind2=" ">
    <subfield code="a">v.</subfield>
    <subfield code="c">25 cm.</subfield>
  </datafield>
  <datafield tag="505" ind1="0" ind2=" ">
    <subfield code="a">Vol. 2 Appendices to the West Bengal Jail Code. --</subfield>
  </datafield>
  <datafield tag="650" ind1=" " ind2="0">
    <subfield code="a">Prisons</subfield>
    <subfield code="x">Law and legislation</subfield>
    <subfield code="z">India </subfield>
    <subfield code="z">West Bengal. </subfield>
    <subfield code="9">240276</subfield>
  </datafield>
  <datafield tag="942" ind1=" " ind2=" ">
    <subfield code="2">ddc</subfield>
    <subfield code="c">RAR</subfield>
  </datafield>
  <datafield tag="999" ind1=" " ind2=" ">
    <subfield code="c">77212</subfield>
    <subfield code="d">77212</subfield>
  </datafield>
  <datafield tag="952" ind1=" " ind2=" ">
    <subfield code="0">0</subfield>
    <subfield code="1">0</subfield>
    <subfield code="2">ddc</subfield>
    <subfield code="4">0</subfield>
    <subfield code="7">1</subfield>
    <subfield code="8">RARE</subfield>
    <subfield code="a">RUCL</subfield>
    <subfield code="b">RUCL</subfield>
    <subfield code="c">Rare</subfield>
    <subfield code="d">1990-03-06</subfield>
    <subfield code="e">Rajshahi, Aligarh Library</subfield>
    <subfield code="g">1419.00</subfield>
    <subfield code="l">0</subfield>
    <subfield code="o">RA 365.095414 WEW V-2 1967</subfield>
    <subfield code="r">2020-03-03 00:00:00</subfield>
    <subfield code="t">C-1</subfield>
    <subfield code="w">2020-03-03</subfield>
    <subfield code="y">RAR</subfield>
  </datafield>
</record>
